Представление документа в формате RUSMARC

ПолеНазваниеЗначение
  Тип записи a
  Библиографический уровень m
001 Контрольный номер UONB/MAIN/f58f088adb3c46f7bfce816e43cfa14d
005 Дата корректировки 20250520124538.3
010 Индекс ISBN __
d Цена 96 к.
9 Тираж 8500 экз.
b Уточнения в пер.
100 Данные общей обработки __
a Данные общей обработки 20230203d1968 u y0rusy0189 ca
101 Язык документа 0_
a Язык текста rus
102 Страна публикации __
a Страна публикации RU
105 Кодированные данные (монография) __
a Кодированные данные (монография) a z 001yy
200 Заглавие и сведения об ответственности 1_
a Заглавие Применение полимерных материалов в качестве покрытий
f Первые сведения об ответственности С.В. Генель, В.А. Белый, В.Я. Булгаков, Г.А. Гехтман
203 Вид содержания и тип средства __
a Вид содержания Текст
b Характеристика содержания визуальный
c Тип средства непосредственный
210 Выходные данные 1_
a Место издания Москва
c Издательство Химия
d Дата издания 1968
215 Физическое описание __
a Объем 238 с.
d Формат 22 см
c Иллюстрации/тип воспроизводства ил.
320 Библиография __
a Библиография Библиогр. в конце гл.
606 Тематические рубрики 0_
a Основная рубрика Полимерные покрытия
610 Ключевые слова 0_
a Ключевые слова полимерные покрытия; материалы полимерные; полимеры
675 Индекс УДК __
a Индекс УДК 6П4.522.173
686 Индексы других классификаций __
a Классификационный индекс 34
2 Код системы rubbk
701 Альтернативная интеллектуальная ответственность _1
a Фамилия Генель
b Имя (инициалы) С.В.
g Полное личное имя Самуил Вениаминович
701 Альтернативная интеллектуальная ответственность _1
a Фамилия Белый
b Имя (инициалы) В.А.
701 Альтернативная интеллектуальная ответственность _1
a Фамилия Булгаков
b Имя (инициалы) В.Я.
701 Альтернативная интеллектуальная ответственность _1
a Фамилия Гехтман
b Имя (инициалы) Г.А.
801 Источник записи _0
a Страна RU
b Организация Ульяновская ОНБ
c Дата составления 20230203
g Правила каталогизации RCR
801 Источник записи _1
a Страна RU
b Организация Ульяновская ОНБ
c Дата составления 20230203
g Правила каталогизации RCR
901 Тип документа __
t Тип документа m
909 Создатель записи __
a Создатель записи Полина
b Дата создания записи 20230203